000 01380cam a2200361 a 4500
999 _c26731
_d26731
001 659337
005 20170206103637.0
008 940411s1993 nyua 000 0 eng d
010 _a 94143788
020 _a1558596526 (pbk.) :
_cUS $19.95
035 _a(OCoLC)28921451
035 _aBBJ1650
040 _aNSbSU
_cNSbSU
_dDLC
042 _alccopycat
043 _ae-uk-en
050 0 4 _aNK9243
_b.V48 1993
110 2 _aVictoria and Albert Museum.
245 1 4 _aThe Victoria & Albert Museum's textile collection :
_bembroidery in Britain from 1200 to 1750 /
_cby Donald King & Santina Levey.
260 _aNew York :
_bCanopy Books, a division of Abbeville Press,
_cc1993.
300 _a112 p. :
_bcol. ill. ;
_c30 cm.
610 2 0 _aVictoria and Albert Museum
_xCatalogs.
650 0 _aEmbroidery
_zEngland
_zLondon
_xCatalogs.
650 0 _aEmbroidery
_zEngland
_xCatalogs.
700 1 _aKing, Donald,
_d1920-
700 1 _aLevey, Santina M.
740 0 _aVictoria and Albert Museum's textile collection.
942 _2lcc
_cBOOKS
_hNK9243 .V48 1993